| 000 | 00663nas a2200217 4500 | ||
|---|---|---|---|
| 001 | BR0904704 | ||
| 003 | BR-BrBNA | ||
| 005 | 20231205113519.0 | ||
| 007 | ta | ||
| 008 | 230509b bl.|||p| |||| 00| 00por d | ||
| 040 |
_aBR-BrBNA _bpor _cBiblioteca Nacional de Agricultura |
||
| 041 | _a(Pt) | ||
| 072 | _aC10 | ||
| 100 | 1 | _aSiqueira, E.D. | |
| 245 | 1 | _aCiência, corpo e mente como categorias de conhecimento | |
| 650 | _aAGRICULTURA | ||
| 650 | _aCONHECIMENTO | ||
| 773 | 0 |
_tOrganizações Rurais e Agroindustriais (Brazil) _xISSN 1517-3879 _g(Jul-Dec 2003), v. 5(2) p. 66-79 _wBR0904704 |
|
| 909 |
_a202311 _bLúcia _c55 _dLúcia Elande |
||
| 942 |
_2AGRIS _n0 _cANA |
||
| 999 |
_c204187 _d204187 |
||